[Event "Russian Rapid Championship (w)"]
[Site "Sochi"]
[Date "2022.10.15"]
[Round "4.7"]
[White "Shafigullina, Zarina"]
[Black "Guseva, Marina"]
[Result "0-1"]
[BlackElo "2273"]
[WhiteElo "2143"]
[LiveChessVersion "1.4.8"]

1. d4 {[%clk 0:15:07]} Nf6 {[%clk 0:15:18]} 2. c4 {[%clk 0:15:11]} e6
{[%clk 0:15:27]} 3. Nf3 {[%clk 0:15:18]} b6 {[%clk 0:15:26]} 4. g3
{[%clk 0:15:27]} Ba6 {[%clk 0:15:35]} 5. Qc2 {[%clk 0:15:25]} c5 {[%clk 0:15:21]}
6. d5 {[%clk 0:14:46]} exd5 {[%clk 0:14:53]} 7. cxd5 {[%clk 0:14:10]} Bb7
{[%clk 0:15:01]} 8. Bg2 {[%clk 0:12:31]} Nxd5 {[%clk 0:14:30]} 9. O-O
{[%clk 0:12:21]} Be7 {[%clk 0:14:36]} 10. Rd1 {[%clk 0:11:58]} Nc6
{[%clk 0:14:38]} 11. Qa4 {[%clk 0:11:15]} Nf6 {[%clk 0:14:14]} 12. Nh4
{[%clk 0:09:38]} O-O {[%clk 0:09:54]} 13. Nf5 {[%clk 0:08:53]} d5
{[%clk 0:09:38]} 14. Nc3 {[%clk 0:08:50]} Nd4 {[%clk 0:09:18]} 15. Nxd4
{[%clk 0:08:46]} cxd4 {[%clk 0:09:26]} 16. Rxd4 {[%clk 0:08:54]} Bc5
{[%clk 0:09:28]} 17. Rd3 {[%clk 0:09:02]} Qe8 {[%clk 0:08:44]} 18. Qh4
{[%clk 0:05:32]} Ne4 {[%clk 0:04:43]} 19. Be3 {[%clk 0:05:24]} Be7
{[%clk 0:02:59]} 20. Qh5 {[%clk 0:05:08]} Nxc3 {[%clk 0:02:59]} 21. bxc3
{[%clk 0:04:38]} Bf6 {[%clk 0:02:52]} 22. Bxd5 {[%clk 0:04:00]} Bxd5
{[%clk 0:02:50]} 23. Qxd5 {[%clk 0:03:29]} Rc8 {[%clk 0:02:25]} 24. Rc1
{[%clk 0:03:13]} Qa4 {[%clk 0:02:04]} 25. Qb3 {[%clk 0:03:08]} Qg4
{[%clk 0:02:11]} 26. Rc2 {[%clk 0:02:56]} h5 {[%clk 0:02:11]} 27. Kg2
{[%clk 0:02:08]} Rfe8 {[%clk 0:02:12]} 28. Rcd2 {[%clk 0:00:57]} Qe4+
{[%clk 0:01:48]} 29. f3 {[%clk 0:01:04]} Qg6 {[%clk 0:01:50]} 30. Bf4
{[%clk 0:00:38]} Rxe2+ {[%clk 0:01:48]} 31. Rxe2 {[%clk 0:00:42]} Qxd3
{[%clk 0:01:56]} 32. Re3 {[%clk 0:00:44]} Qd2+ {[%clk 0:01:48]} 33. Kh3
{[%clk 0:00:41]} Qd7+ {[%clk 0:01:47]} 34. Kg2 {[%clk 0:00:50]} g5
{[%clk 0:01:45]} 35. Bxg5 {[%clk 0:00:15]} Bxg5 {[%clk 0:01:51]} 36. Re5
{[%clk 0:00:24]} Bf6 {[%clk 0:01:50]} 37. Rxh5 {[%clk 0:00:19]} Rxc3
{[%clk 0:01:40]} 38. Rd5 {[%clk 0:00:14]} Rxb3 {[%clk 0:01:45]} 39. Rxd7
{[%clk 0:00:23]} Rb2+ {[%clk 0:01:53]} 40. Kh3 {[%clk 0:00:17]} Rxa2
{[%clk 0:02:02]} 41. Kg4 {[%clk 0:00:26]} Rxh2 {[%clk 0:01:07]} 42. Rxa7
{[%clk 0:00:26]} Kg7 {[%clk 0:01:11]} 43. f4 {[%clk 0:00:27]} b5 {[%clk 0:01:16]}
44. Rb7 {[%clk 0:00:33]} Rb2 {[%clk 0:01:23]} 45. Kf5 {[%clk 0:00:41]} b4
{[%clk 0:01:26]} 46. g4 {[%clk 0:00:51]} Bc3 {[%clk 0:01:30]} 47. g5
{[%clk 0:01:00]} Rg2 {[%clk 0:01:33]} 48. Rb8 {[%clk 0:01:03]} Rf2
{[%clk 0:00:52]} 49. Ke4 {[%clk 0:00:58]} Bd2 {[%clk 0:00:58]} 50. Kd3
{[%clk 0:00:45]} Bxf4 {[%clk 0:01:00]} 51. Rxb4 {[%clk 0:00:53]} Bxg5
{[%clk 0:01:08]} 52. Rg4 {[%clk 0:00:55]} Kg6 {[%clk 0:01:17]} 53. Kd4 0-1

[Event "Russian Rapid Championship (w)"]
[Site "Sochi"]
[Date "2022.10.15"]
[Round "4.8"]
[White "Kovanova, Baira"]
[Black "Fedorova, Olesya"]
[Result "1-0"]
[BlackElo "1820"]
[WhiteElo "2231"]
[LiveChessVersion "1.4.8"]

1. e4 {[%clk 0:15:18]} c6 {[%clk 0:15:19]} 2. d4 {[%clk 0:15:26]} d5
{[%clk 0:15:28]} 3. Nc3 {[%clk 0:15:34]} dxe4 {[%clk 0:15:36]} 4. Nxe4
{[%clk 0:15:43]} Nf6 {[%clk 0:15:45]} 5. Nxf6+ {[%clk 0:15:51]} exf6
{[%clk 0:15:54]} 6. c3 {[%clk 0:15:59]} Bd6 {[%clk 0:16:02]} 7. Bd3
{[%clk 0:16:07]} O-O {[%clk 0:16:10]} 8. Ne2 {[%clk 0:16:15]} Bg4
{[%clk 0:16:13]} 9. O-O {[%clk 0:16:00]} Re8 {[%clk 0:16:18]} 10. Qc2
{[%clk 0:14:59]} h6 {[%clk 0:16:09]} 11. h3 {[%clk 0:14:35]} Bxe2
{[%clk 0:15:43]} 12. Bxe2 {[%clk 0:14:43]} Nd7 {[%clk 0:15:52]} 13. Qd3
{[%clk 0:13:24]} Nf8 {[%clk 0:15:44]} 14. Bd1 {[%clk 0:13:16]} Bc7
{[%clk 0:15:07]} 15. Bc2 {[%clk 0:13:16]} Qd6 {[%clk 0:15:10]} 16. g3
{[%clk 0:13:05]} Rad8 {[%clk 0:15:01]} 17. Be3 {[%clk 0:12:26]} Qe6
{[%clk 0:14:13]} 18. Kh2 {[%clk 0:11:36]} Qd5 {[%clk 0:13:23]} 19. Bd2
{[%clk 0:09:36]} h5 {[%clk 0:09:27]} 20. h4 {[%clk 0:08:46]} Qd7 {[%clk 0:08:14]}
21. Qf3 {[%clk 0:08:12]} Qd5 {[%clk 0:08:09]} 22. Qd3 {[%clk 0:07:20]} Qd7
{[%clk 0:08:08]} 23. Bd1 {[%clk 0:06:39]} g6 {[%clk 0:06:57]} 24. Kg2
{[%clk 0:05:41]} c5 {[%clk 0:06:22]} 25. Bf3 {[%clk 0:05:06]} cxd4
{[%clk 0:06:13]} 26. cxd4 {[%clk 0:05:14]} Qxd4 {[%clk 0:05:58]} 27. Qxd4
{[%clk 0:05:19]} Rxd4 {[%clk 0:06:07]} 28. Bc3 {[%clk 0:05:28]} Rd3
{[%clk 0:05:52]} 29. Bxb7 Be5 {[%clk 0:05:57]} 30. Rfe1 {[%clk 0:03:10]} Rb8
{[%clk 0:05:31]} 31. Bxe5 {[%clk 0:02:16]} fxe5 {[%clk 0:05:40]} 32. Ba6
{[%clk 0:02:25]} Rd6 {[%clk 0:05:33]} 33. Bc4 {[%clk 0:02:30]} Rxb2
{[%clk 0:05:36]} 34. Rxe5 {[%clk 0:02:38]} Ne6 {[%clk 0:04:27]} 35. Ra5
{[%clk 0:02:22]} Rdd2 {[%clk 0:02:53]} 36. Rf1 {[%clk 0:02:29]} Rdc2
{[%clk 0:02:55]} 37. Bb3 {[%clk 0:02:26]} Rc7 {[%clk 0:03:02]} 38. Ra6
{[%clk 0:02:28]} Kg7 {[%clk 0:02:47]} 39. Bxe6 {[%clk 0:01:37]} fxe6
{[%clk 0:02:55]} 40. a4 {[%clk 0:01:16]} e5 {[%clk 0:02:31]} 41. Re1
{[%clk 0:01:13]} Rf7 {[%clk 0:02:37]} 42. Rf1 {[%clk 0:01:19]} e4
{[%clk 0:02:37]} 43. Re6 {[%clk 0:01:25]} Re2 {[%clk 0:02:36]} 44. Kg1
{[%clk 0:01:25]} Rb7 {[%clk 0:02:07]} 45. a5 {[%clk 0:01:23]} Kf7
{[%clk 0:01:50]} 46. Re5 {[%clk 0:01:31]} Kf6 {[%clk 0:01:58]} 47. Rc5
{[%clk 0:01:25]} Reb2 {[%clk 0:00:34]} 48. Rc4 {[%clk 0:00:39]} Ra2
{[%clk 0:00:17]} 49. Rxe4 {[%clk 0:00:23]} Rxa5 {[%clk 0:00:26]} 50. Rd1
{[%clk 0:00:30]} Rab5 {[%clk 0:00:23]} 51. Rd6+ {[%clk 0:00:37]} Kf7
{[%clk 0:00:18]} 52. Ree6 {[%clk 0:00:36]} g5 {[%clk 0:00:17]} 53. Rf6+
{[%clk 0:00:31]} Ke7 {[%clk 0:00:25]} 54. Rfe6+ {[%clk 0:00:30]} Kf7
{[%clk 0:00:34]} 55. hxg5 {[%clk 0:00:29]} Rxg5 {[%clk 0:00:41]} 56. Rh6
{[%clk 0:00:28]} Kg7 {[%clk 0:00:35]} 57. Kg2 {[%clk 0:00:37]} a5
{[%clk 0:00:38]} 58. Ra6 {[%clk 0:00:35]} a4 {[%clk 0:00:37]} 59. Kh3
{[%clk 0:00:23]} a3 {[%clk 0:00:19]} 60. Rhc6 {[%clk 0:00:22]} Rf5
{[%clk 0:00:19]} 61. f4 {[%clk 0:00:27]} Rb3 {[%clk 0:00:15]} 62. Kh4
{[%clk 0:00:33]} Rd3 {[%clk 0:00:17]} 63. Rc4 {[%clk 0:00:37]} Rb3
{[%clk 0:00:19]} 64. Rca4 {[%clk 0:00:34]} Rb1 {[%clk 0:00:15]} 65. Kh3
{[%clk 0:00:42]} Rh1+ {[%clk 0:00:16]} 66. Kg2 {[%clk 0:00:51]} Ra1
{[%clk 0:00:22]} 67. Ra7+ {[%clk 0:00:42]} Rf7 {[%clk 0:00:26]} 68. R7a5
{[%clk 0:00:49]} Kg6 {[%clk 0:00:19]} 69. Rg5+ {[%clk 0:00:41]} Kf6
{[%clk 0:00:16]} 70. Ra6+ {[%clk 0:00:49]} Ke7 {[%clk 0:00:24]} 71. Rxh5
{[%clk 0:00:55]} Kf8 {[%clk 0:00:16]} 72. Rha5 {[%clk 0:01:02]} Rb7
{[%clk 0:00:23]} 73. Rxa3 {[%clk 0:01:09]} Rb2+ {[%clk 0:00:31]} 74. Kf3
{[%clk 0:01:13]} Rf1+ {[%clk 0:00:37]} 75. Kg4 {[%clk 0:01:22]} Rg1
{[%clk 0:00:40]} 76. Rc3 {[%clk 0:01:22]} Rb7 {[%clk 0:00:41]} 77. Ra8+
{[%clk 0:01:24]} Kg7 {[%clk 0:00:47]} 78. Rac8 {[%clk 0:01:29]} Rb2
{[%clk 0:00:40]} 79. R8c7+ {[%clk 0:01:33]} Kf8 {[%clk 0:00:46]} 80. Ra7
{[%clk 0:01:38]} Rb8 {[%clk 0:00:52]} 81. f5 {[%clk 0:01:44]} Rh1
{[%clk 0:00:56]} 82. Kg5 {[%clk 0:01:48]} Rh8 {[%clk 0:01:03]} 83. Rc4
{[%clk 0:01:48]} Rg8+ {[%clk 0:01:09]} 84. Kf4 {[%clk 0:01:57]} Rh8
{[%clk 0:01:06]} 85. Rac7 {[%clk 0:01:52]} Rh1 {[%clk 0:01:07]} 86. Rc8+
{[%clk 0:02:00]} Rxc8 {[%clk 0:01:16]} 87. Rxc8+ {[%clk 0:02:08]} Kf7
{[%clk 0:01:26]} 88. g4 {[%clk 0:02:14]} Rg1 {[%clk 0:01:29]} 89. Rc7+
{[%clk 0:02:20]} Kf8 {[%clk 0:01:37]} 90. Kg5 {[%clk 0:02:28]} Rg2
{[%clk 0:01:45]} 91. f6 {[%clk 0:02:26]} Kg8 {[%clk 0:01:53]} 92. Kf5
{[%clk 0:02:32]} Kf8 {[%clk 0:02:00]} 93. g5 {[%clk 0:02:37]} Kg8
{[%clk 0:02:08]} 94. Ke4 1-0

[Event "Russian Rapid Championship (w)"]
[Site "Sochi"]
[Date "2022.10.15"]
[Round "5.1"]
[White "Girya, Olga"]
[Black "Kovalevskaya, Ekaterina"]
[Result "1/2-1/2"]
[BlackElo "2257"]
[WhiteElo "2298"]
[LiveChessVersion "1.4.8"]

1. d4 {[%clk 0:15:19]} Nf6 {[%clk 0:15:18]} 2. Nf3 {[%clk 0:15:28]} g6
{[%clk 0:15:17]} 3. Bg5 {[%clk 0:15:34]} Bg7 {[%clk 0:15:22]} 4. Nbd2
{[%clk 0:15:42]} d5 {[%clk 0:15:30]} 5. Bxf6 {[%clk 0:15:50]} exf6
{[%clk 0:15:21]} 6. e3 {[%clk 0:15:56]} O-O {[%clk 0:15:27]} 7. c4
{[%clk 0:15:29]} Be6 {[%clk 0:14:13]} 8. cxd5 {[%clk 0:14:26]} Bxd5
{[%clk 0:14:17]} 9. Bc4 {[%clk 0:14:35]} c5 {[%clk 0:09:52]} 10. dxc5
{[%clk 0:14:26]} Bxc4 {[%clk 0:08:22]} 11. Nxc4 {[%clk 0:14:35]} Na6
{[%clk 0:08:13]} 12. c6 {[%clk 0:12:47]} bxc6 {[%clk 0:08:05]} 13. Qxd8
{[%clk 0:12:26]} Rfxd8 {[%clk 0:08:08]} 14. Ke2 {[%clk 0:12:34]} Nb4
{[%clk 0:07:00]} 15. a3 {[%clk 0:11:50]} Nd5 {[%clk 0:05:52]} 16. Nd4
{[%clk 0:11:32]} Rac8 {[%clk 0:05:41]} 17. Rhd1 {[%clk 0:10:51]} f5
{[%clk 0:05:33]} 18. Rac1 {[%clk 0:10:09]} Nf4+ {[%clk 0:04:15]} 19. Kf3
{[%clk 0:08:44]} Ne6 {[%clk 0:04:01]} 20. Nxe6 {[%clk 0:08:38]} fxe6
{[%clk 0:04:10]} 21. Rxd8+ {[%clk 0:08:09]} Rxd8 {[%clk 0:04:18]} 22. b4
{[%clk 0:06:15]} Rd3 {[%clk 0:01:57]} 23. Ke2 {[%clk 0:05:56]} Rb3
{[%clk 0:02:01]} 24. Kd2 {[%clk 0:03:31]} Kf8 {[%clk 0:01:53]} 25. Kc2
{[%clk 0:02:25]} Rc3+ {[%clk 0:01:59]} 26. Kd2 {[%clk 0:02:18]} Rb3
{[%clk 0:02:06]} 27. Kc2 {[%clk 0:02:15]} Rc3+ {[%clk 0:02:15]} 28. Kb1
{[%clk 0:02:23]} Rd3 {[%clk 0:01:35]} 29. Ka2 {[%clk 0:02:18]} Ke8
{[%clk 0:01:31]} 30. Rc2 {[%clk 0:02:14]} Kd7 {[%clk 0:01:30]} 31. Na5
{[%clk 0:02:05]} Rc3 {[%clk 0:00:39]} 32. Rxc3 {[%clk 0:01:49]} Bxc3
{[%clk 0:00:47]} 33. Kb3 {[%clk 0:01:58]} Be1 {[%clk 0:00:55]} 34. f3
{[%clk 0:02:07]} c5 {[%clk 0:00:59]} 35. Kc4 {[%clk 0:01:38]} cxb4
{[%clk 0:01:07]} 36. axb4 {[%clk 0:01:48]} Bf2 {[%clk 0:00:52]} 37. Kd4
{[%clk 0:01:32]} f4 {[%clk 0:00:38]} 38. b5 {[%clk 0:01:14]} fxe3
{[%clk 0:00:39]} 39. Kd3 {[%clk 0:01:24]} Kd6 {[%clk 0:00:43]} 1/2-1/2

[Event "Russian Rapid Championship (w)"]
[Site "Sochi"]
[Date "2022.10.15"]
[Round "5.2"]
[White "Gunina, Valentina"]
[Black "Kovanova, Baira"]
[Result "0-1"]
[BlackElo "2231"]
[WhiteElo "2421"]
[LiveChessVersion "1.4.8"]

1. d4 {[%clk 0:15:17]} d5 {[%clk 0:15:19]} 2. c4 {[%clk 0:15:25]} e6
{[%clk 0:15:27]} 3. Nf3 {[%clk 0:15:34]} a6 {[%clk 0:15:35]} 4. Bg5
{[%clk 0:15:37]} Nf6 {[%clk 0:15:21]} 5. cxd5 {[%clk 0:15:42]} exd5
{[%clk 0:15:29]} 6. Nc3 {[%clk 0:15:50]} Be6 {[%clk 0:15:35]} 7. Qb3
{[%clk 0:15:51]} Ra7 {[%clk 0:11:56]} 8. e3 {[%clk 0:15:52]} Be7 {[%clk 0:11:26]}
9. Bd3 {[%clk 0:15:55]} h6 {[%clk 0:11:13]} 10. Bf4 {[%clk 0:15:56]} Nbd7
{[%clk 0:09:59]} 11. O-O {[%clk 0:16:02]} O-O {[%clk 0:09:50]} 12. h3
{[%clk 0:16:10]} c6 {[%clk 0:09:00]} 13. Rac1 {[%clk 0:16:05]} Ne8
{[%clk 0:08:42]} 14. Bb1 {[%clk 0:15:59]} Nd6 {[%clk 0:07:31]} 15. Ne5
{[%clk 0:15:33]} Re8 {[%clk 0:06:49]} 16. Na4 {[%clk 0:15:10]} Nf8
{[%clk 0:05:01]} 17. Nc5 {[%clk 0:15:00]} Bc8 {[%clk 0:04:53]} 18. a3
{[%clk 0:14:44]} Ra8 {[%clk 0:04:38]} 19. Rfe1 {[%clk 0:14:16]} Bg5
{[%clk 0:04:38]} 20. Bxg5 {[%clk 0:14:03]} Qxg5 {[%clk 0:04:36]} 21. e4
{[%clk 0:14:10]} Ne6 {[%clk 0:03:50]} 22. Nf3 {[%clk 0:14:01]} Qh5
{[%clk 0:03:19]} 23. exd5 {[%clk 0:14:05]} cxd5 {[%clk 0:02:48]} 24. Qc2
{[%clk 0:12:03]} Nf8 {[%clk 0:02:47]} 25. Rxe8 {[%clk 0:12:00]} Nxe8
{[%clk 0:02:52]} 26. Re1 {[%clk 0:11:13]} Bxh3 {[%clk 0:02:27]} 27. Re5
{[%clk 0:11:22]} Qg4 {[%clk 0:02:36]} 28. Ne1 {[%clk 0:11:29]} Qxd4
{[%clk 0:02:36]} 29. Re7 {[%clk 0:08:44]} Rc8 {[%clk 0:02:19]} 30. gxh3
{[%clk 0:08:52]} Rxc5 {[%clk 0:02:17]} 31. Qd3 {[%clk 0:06:31]} Qa4
{[%clk 0:01:25]} 32. Nf3 {[%clk 0:03:47]} Nd6 {[%clk 0:01:12]} 33. b4
{[%clk 0:02:17]} Rc1+ {[%clk 0:01:17]} 34. Kg2 {[%clk 0:02:26]} Ng6
{[%clk 0:00:42]} 35. Rxf7 {[%clk 0:01:42]} Nxf7 {[%clk 0:00:50]} 36. Qxg6
{[%clk 0:01:50]} Qd1 {[%clk 0:00:27]} 37. Qh7+ {[%clk 0:00:51]} Kf8
{[%clk 0:00:36]} 38. Qf5 {[%clk 0:00:55]} Rxb1 {[%clk 0:00:27]} 39. Qc8+
{[%clk 0:01:04]} Ke7 {[%clk 0:00:36]} 40. Qxb7+ {[%clk 0:01:02]} Kf8
{[%clk 0:00:33]} 41. Qc8+ {[%clk 0:01:10]} Ke7 {[%clk 0:00:42]} 42. Qb7+
{[%clk 0:01:19]} Ke8 {[%clk 0:00:38]} 43. Qc6+ {[%clk 0:01:16]} Ke7
{[%clk 0:00:39]} 44. Qb7+ {[%clk 0:00:52]} Kf6 {[%clk 0:00:44]} 45. Qxa6+
{[%clk 0:00:40]} Kf5 {[%clk 0:00:36]} 46. Qc8+ {[%clk 0:00:38]} Kf6
{[%clk 0:00:26]} 47. Qc6+ {[%clk 0:00:30]} Kf5 {[%clk 0:00:34]} 48. Nh4+
{[%clk 0:00:18]} Kg5 {[%clk 0:00:24]} 49. Nf3+ {[%clk 0:00:17]} Kh5
{[%clk 0:00:22]} 50. Kg3 {[%clk 0:00:13]} Rb3 {[%clk 0:00:22]} 0-1

[Event "Russian Rapid Championship (w)"]
[Site "Sochi"]
[Date "2022.10.15"]
[Round "5.3"]
[White "Lysenko, Margarita"]
[Black "Shuvalova, Polina"]
[Result "1/2-1/2"]
[BlackElo "2392"]
[WhiteElo "2204"]
[LiveChessVersion "1.4.8"]

1. d4 {[%clk 0:15:17]} Nf6 {[%clk 0:15:12]} 2. c4 {[%clk 0:15:25]} e6
{[%clk 0:15:20]} 3. Nc3 {[%clk 0:15:26]} Bb4 {[%clk 0:15:12]} 4. Qc2
{[%clk 0:15:25]} d5 {[%clk 0:15:20]} 5. cxd5 {[%clk 0:15:31]} exd5
{[%clk 0:15:28]} 6. Bg5 {[%clk 0:15:38]} h6 {[%clk 0:15:35]} 7. Bh4
{[%clk 0:15:44]} g5 {[%clk 0:15:43]} 8. Bg3 {[%clk 0:15:53]} Nc6 {[%clk 0:15:51]}
9. e3 {[%clk 0:15:46]} h5 {[%clk 0:15:58]} 10. Bb5 {[%clk 0:15:40]} h4
{[%clk 0:16:06]} 11. Be5 {[%clk 0:15:24]} O-O {[%clk 0:16:13]} 12. Bxc6
{[%clk 0:14:42]} bxc6 {[%clk 0:16:21]} 13. Nge2 {[%clk 0:13:16]} Nd7
{[%clk 0:14:57]} 14. a3 {[%clk 0:10:58]} Be7 {[%clk 0:14:36]} 15. f4
{[%clk 0:08:23]} Nxe5 {[%clk 0:11:55]} 16. fxe5 {[%clk 0:08:06]} Kg7
{[%clk 0:09:41]} 17. O-O {[%clk 0:08:04]} Bg4 {[%clk 0:09:27]} 18. Rf2
{[%clk 0:07:02]} f6 {[%clk 0:09:07]} 19. h3 {[%clk 0:04:48]} Bh5 {[%clk 0:09:00]}
20. Raf1 {[%clk 0:04:00]} Qd7 {[%clk 0:08:58]} 21. exf6+ {[%clk 0:02:45]} Rxf6
{[%clk 0:08:57]} 22. Rxf6 {[%clk 0:02:40]} Bxf6 {[%clk 0:09:06]} 23. Nc1
{[%clk 0:02:37]} Qe6 {[%clk 0:08:07]} 24. Qf2 {[%clk 0:02:13]} Rf8
{[%clk 0:07:24]} 25. Nd3 {[%clk 0:01:57]} Rf7 {[%clk 0:06:48]} 26. Nc5
{[%clk 0:01:45]} Qd6 {[%clk 0:06:48]} 27. Qd2 {[%clk 0:01:13]} Re7
{[%clk 0:06:30]} 28. Qf2 {[%clk 0:00:47]} Rf7 {[%clk 0:05:35]} 29. Qd2
{[%clk 0:00:48]} Kg8 {[%clk 0:02:58]} 30. b4 {[%clk 0:00:41]} g4 {[%clk 0:02:26]}
31. hxg4 {[%clk 0:00:38]} Bxg4 {[%clk 0:02:34]} 32. Ne2 {[%clk 0:00:43]} h3
{[%clk 0:02:10]} 33. Nf4 {[%clk 0:00:45]} hxg2 {[%clk 0:02:08]} 34. Rf2
{[%clk 0:00:51]} Rg7 {[%clk 0:01:50]} 35. Rxg2 {[%clk 0:00:58]} Qe7
{[%clk 0:01:47]} 36. Ncd3 {[%clk 0:00:46]} Bf3 {[%clk 0:01:23]} 37. Rxg7+
{[%clk 0:00:53]} Qxg7+ {[%clk 0:01:32]} 38. Ng2 {[%clk 0:00:46]} Be4
{[%clk 0:01:29]} 39. Ndf4 {[%clk 0:00:50]} Be7 {[%clk 0:00:50]} 40. Qf2
{[%clk 0:00:51]} Bd6 {[%clk 0:00:57]} 41. Nh5 {[%clk 0:00:28]} Qg6
{[%clk 0:00:31]} 42. Nf6+ {[%clk 0:00:25]} Kg7 {[%clk 0:00:40]} 43. Nxe4
{[%clk 0:00:31]} Qxe4 {[%clk 0:00:45]} 44. Qh4 {[%clk 0:00:11]} Qb1+
{[%clk 0:00:36]} 45. Kf2 {[%clk 0:00:18]} Qf5+ {[%clk 0:00:19]} 46. Ke2
{[%clk 0:00:16]} Qc2+ {[%clk 0:00:20]} 47. Kf3 {[%clk 0:00:15]} Qf5+
{[%clk 0:00:22]} 48. Ke2 {[%clk 0:00:13]} Qc2+ {[%clk 0:00:17]} 49. Kf3
{[%clk 0:00:18]} Qd1+ {[%clk 0:00:15]} 50. Kf2 {[%clk 0:00:17]} Kf7
{[%clk 0:00:17]} 51. Qh7+ {[%clk 0:00:20]} Ke8 {[%clk 0:00:25]} 52. Qg6+
{[%clk 0:00:15]} Kd7 {[%clk 0:00:31]} 53. Qf5+ {[%clk 0:00:15]} Kd8
{[%clk 0:00:40]} 54. Nf4 {[%clk 0:00:12]} Bxf4 {[%clk 0:00:35]} 55. Qxf4
{[%clk 0:00:20]} Qd2+ {[%clk 0:00:36]} 56. Kg3 {[%clk 0:00:25]} Kc8
{[%clk 0:00:44]} 57. Qe5 {[%clk 0:00:14]} a6 {[%clk 0:00:38]} 58. Qe7
{[%clk 0:00:11]} Qc3 {[%clk 0:00:39]} 59. a4 {[%clk 0:00:14]} Kb7
{[%clk 0:00:44]} 60. a5 {[%clk 0:00:19]} Qe1+ {[%clk 0:00:40]} 61. Kf3
{[%clk 0:00:22]} Qf1+ {[%clk 0:00:48]} 62. Kg3 {[%clk 0:00:28]} Qf5
{[%clk 0:00:53]} 63. Qc5 {[%clk 0:00:27]} Qe4 {[%clk 0:00:53]} 64. Kf2
{[%clk 0:00:34]} Qd3 {[%clk 0:00:43]} 65. Qe7 {[%clk 0:00:37]} 1/2-1/2

[Event "Russian Rapid Championship (w)"]
[Site "Sochi"]
[Date "2022.10.15"]
[Round "5.4"]
[White "Guseva, Marina"]
[Black "Voit, Daria"]
[Result "0-1"]
[BlackElo "2297"]
[WhiteElo "2273"]
[LiveChessVersion "1.4.8"]

1. d4 {[%clk 0:15:18]} Nf6 {[%clk 0:15:17]} 2. c4 {[%clk 0:15:26]} e6
{[%clk 0:15:26]} 3. Nc3 {[%clk 0:15:35]} Bb4 {[%clk 0:15:34]} 4. Qc2
{[%clk 0:15:43]} d5 {[%clk 0:15:43]} 5. cxd5 {[%clk 0:15:52]} Qxd5
{[%clk 0:15:51]} 6. Nf3 {[%clk 0:15:59]} Qf5 {[%clk 0:16:00]} 7. Qb3
{[%clk 0:15:56]} Nc6 {[%clk 0:16:07]} 8. Bd2 {[%clk 0:16:00]} O-O
{[%clk 0:14:57]} 9. a3 {[%clk 0:15:14]} Ba5 {[%clk 0:14:43]} 10. h3
{[%clk 0:15:12]} Rd8 {[%clk 0:14:40]} 11. g4 {[%clk 0:13:47]} Qg6
{[%clk 0:14:47]} 12. e3 {[%clk 0:13:48]} Ne4 {[%clk 0:14:00]} 13. Bg2
{[%clk 0:11:56]} Bxc3 {[%clk 0:10:59]} 14. Bxc3 {[%clk 0:11:33]} f5
{[%clk 0:03:52]} 15. Rg1 {[%clk 0:05:04]} Qf7 {[%clk 0:03:34]} 16. Qc2
{[%clk 0:04:44]} e5 {[%clk 0:02:05]} 17. O-O-O {[%clk 0:01:09]} Nxc3
{[%clk 0:00:55]} 18. Qxc3 {[%clk 0:01:17]} exd4 {[%clk 0:00:58]} 19. Nxd4
{[%clk 0:01:23]} Nxd4 {[%clk 0:01:05]} 20. Rxd4 {[%clk 0:01:31]} Rxd4
{[%clk 0:00:49]} 21. Qxd4 {[%clk 0:01:38]} c6 {[%clk 0:00:57]} 22. Bf1
{[%clk 0:00:46]} b5 {[%clk 0:00:22]} 23. Bxb5 {[%clk 0:00:18]} cxb5
{[%clk 0:00:20]} 24. Qd8+ {[%clk 0:00:27]} Qf8 {[%clk 0:00:29]} 25. Qd5+
{[%clk 0:00:36]} Be6 {[%clk 0:00:38]} 26. Qxe6+ {[%clk 0:00:44]} Kh8
{[%clk 0:00:45]} 27. gxf5 {[%clk 0:00:36]} b4 {[%clk 0:00:52]} 28. axb4
{[%clk 0:00:36]} Rb8 {[%clk 0:00:39]} 29. Rg4 {[%clk 0:00:28]} a5
{[%clk 0:00:45]} 30. Kb1 {[%clk 0:00:22]} axb4 {[%clk 0:00:49]} 31. Qe5
{[%clk 0:00:27]} Rd8 {[%clk 0:00:46]} 32. Rd4 {[%clk 0:00:14]} Rc8
{[%clk 0:00:54]} 33. Rd7 {[%clk 0:00:18]} b3 {[%clk 0:01:01]} 34. e4
{[%clk 0:00:15]} h6 {[%clk 0:01:01]} 35. Rb7 {[%clk 0:00:16]} Re8
{[%clk 0:00:53]} 36. Qd4 {[%clk 0:00:15]} Rd8 {[%clk 0:00:59]} 37. Rd7
{[%clk 0:00:24]} Rxd7 {[%clk 0:00:58]} 38. Qxd7 {[%clk 0:00:32]} Qc5
{[%clk 0:01:06]} 39. Qd8+ {[%clk 0:00:17]} Kh7 {[%clk 0:01:15]} 40. Qd3
{[%clk 0:00:23]} Qb4 {[%clk 0:00:48]} 41. Qe2 {[%clk 0:00:14]} Qa4
{[%clk 0:00:54]} 42. Qd3 {[%clk 0:00:12]} Qb4 {[%clk 0:00:23]} 43. Qe2
{[%clk 0:00:16]} Qa5 {[%clk 0:00:21]} 44. Qe3 {[%clk 0:00:11]} Qa2+
{[%clk 0:00:26]} 45. Kc1 {[%clk 0:00:21]} Qa1+ {[%clk 0:00:35]} 46. Kd2
{[%clk 0:00:30]} Qxb2+ {[%clk 0:00:44]} 47. Kd3 {[%clk 0:00:25]} Qc2+
{[%clk 0:00:51]} 48. Kd4 {[%clk 0:00:35]} b2 {[%clk 0:00:56]} 49. Qg3
{[%clk 0:00:42]} Qc6 {[%clk 0:00:55]} 50. Qb3 {[%clk 0:00:47]} Qc1
{[%clk 0:00:45]} 51. Qg3 {[%clk 0:00:39]} Qd2+ {[%clk 0:00:44]} 52. Ke5
{[%clk 0:00:15]} Qg5 {[%clk 0:00:34]} 53. Qb3 {[%clk 0:00:20]} Qc1
{[%clk 0:00:40]} 54. Qf7 {[%clk 0:00:21]} Qc5+ {[%clk 0:00:33]} 55. Kf4
{[%clk 0:00:23]} Qxf2+ {[%clk 0:00:40]} 56. Ke5 {[%clk 0:00:27]} Qg3+
{[%clk 0:00:49]} 0-1